000 00471nam a2200205Ia 4500
008 210210b1919 xxu||||| |||| 00| 0 eng d
041 _aeng
082 _a822/496
100 _aGOSSE (Edmund)
245 _aSome diversions of a man of letters
260 _aLondon
_bWilliam Heinemann Ltd.
_c1919
650 _aSome
650 _aof
650 _aman
650 _aletters
650 _adiversions
650 _aa
690 _aEnglish Prose
906 _a012682
999 _c131493
_d131493